00551nam a2200193Ia 450000500170000000800410001704000190005804100120007708200160008910000170010524500560012225000450017826000410022330000160026450400260028065000140030665100270032085000100034720240205093336.0131103s9999 xx 000 0 und d aLoreto College aEnglish a370.15bFLE aFleming,C.M. 4aThe Social Psychology of Education, cC.M.Fleming a an introduction and guide to its study  aLondonbRoutledge & Kegan Paulc1944 avii,110 p.  aNinth impression 1957 aEducation aEducational Psychology aLCLIB